| 000 | 00347 a2200133 4500 | ||
|---|---|---|---|
| 000 | nam a22 7a 4500 | ||
| 005 | 20260429123205.0 | ||
| 020 | _a9780262039246 | ||
| 100 |
_aRichard S. Sutton _91235983 |
||
| 245 | _aReinforcement Learning, second edition: An Introduction | ||
| 250 | _a2nd | ||
| 260 |
_bThe MIT Press _c2018 |
||
| 942 | _cTEXL | ||
| 999 |
_c1848637 _d1848637 |
||